Introducción al socio-texto: a propósito de Cachaza
Salvato in:
| Autore principale: | |
|---|---|
| Natura: | Libro |
| Lingua: | Undetermined |
| Pubblicazione: |
San José, Costa Rica
Editorial de la Universidad de Costa Rica
1989
|
| Soggetti: | |
| Tags: |
Aggiungi Tag
Nessun Tag, puoi essere il primo ad aggiungerne!!
|
MARC
| LEADER | 00000nam a2200000Ia 4500 | ||
|---|---|---|---|
| 008 | 170316s9999 xx 000 0 und d | ||
| 090 | |a 801 A-20i | ||
| 100 | |a Amoretti, María | ||
| 245 | |a Introducción al socio-texto: a propósito de Cachaza | ||
| 260 | |a San José, Costa Rica | ||
| 260 | |b Editorial de la Universidad de Costa Rica | ||
| 260 | |c 1989 | ||
| 300 | |a 168 páginas | ||
| 650 | |a TEORÍA LITERARIA | ||
| 650 | |a LITERATURA - COSTA RICA | ||
| 650 | |a VIRGILIO MORA RODRIGUEZ - CACHAZA | ||
| 650 | |a SOCIOCRÍTICA | ||
| 650 | |a EL TEXTO | ||
| 650 | |a LA LOCURA | ||
| 650 | |a DISCURSO SOBRE LA LOCURA | ||
| 650 | |a PROYECTO FOUCALDIANO | ||
| 650 | |a DERRIDA - LA LOCURA Y LA LITERATURA | ||
| 650 | |a TEORÍA DE LOS INCIPIT | ||
| 650 | |a LA ESCRITURA | ||
| 999 | |c 20016 |d 20016 | ||
| 040 | |a cru BVZT | ||
| 942 | |c 15 D |h 801 A-20i |2 z | ||
